| 000 | 00980nam a2200229 i 4500 | ||
|---|---|---|---|
| 001 | 42278 | ||
| 003 | ES-MaACL | ||
| 005 | 20250808085515.0 | ||
| 007 | t| | ||
| 008 | 030313s1967 ve ||||1| spa d | ||
| 245 | 0 | 0 |
_aCedularios de la monarquía española de Margarita, Nueva Andalucía y Caracas (1553-1604) / _ccompilación y estudio preliminar por Enrique Otte. |
| 260 |
_aCaracas : _bFundación John Boulton, _c1967 ( _eSevilla : _fPorvenir) |
||
| 300 |
_a2 v., 10 lám. ; _c25 cm. |
||
| 505 | 8 | _aContiene: V. I: Cedulario de Margarita (1553-1604) -- V. II: Cedularios de Nueva Andalucía y Caracas (1568-1604) | |
| 650 | 0 |
_aDerecho colonial- _zVenezuela _9200480 |
|
| 651 | 4 |
_aMargarita (Venezuela, Isla)- _xHistoria- _vFuentes. _9169102 |
|
| 651 | 4 |
_aCaracas (Venezuela)- _xHistoria- _yS.XVI- _xFuentes. _9169103 |
|
| 700 | 1 |
_aOtte, Enrique. _987942 |
|
| 710 | 2 |
_aFundación John Boulton (Caracas) _94337 |
|
| 852 |
_aES-MaACL _jP-1188 _bR.63453 |
||
| 999 |
_c42278 _d42278 |
||